000 01601cad a22003255a 4500
001 L158849
008 110328s2015 000 0 eng u
020 _a9781783211159
035 _a(Sirsi) u158849
041 0 _aeng
050 0 4 _a333.332 $2 18
110 2 _aRoyal Institution of Chartered Surveyors
_94900
245 0 0 _aLeasehold reform in England and Wales
_h[archived]
250 _a3rd ed.
260 _aLondon
_bRICS
_c2015
300 _a22p.
490 0 _aRICS Guidance Note
520 _aAims to assist the valuer in the provision of leasehold reform valuation advice whether they are acting for the freeholder (landlord), intermediate landlord or tenant. Applies only in England and Wales and is written on the basis of the law as at 1 June 2015. Effective from 1 December 2015.
520 _aSupersedes second edition, E152557 (ISBN 9781842196359).
520 _aArchived March 2024 due to Leasehold and Freehold Reform Act
590 _aKA
650 2 4 _aLEASEHOLD REFORM ACT 1967
650 2 4 _aLEASEHOLD REFORM, HOUSING AND URBAN DEVELOPMENT ACT 1993
651 4 _aEngland and Wales
_y1543-
690 _aValuation
_96273
690 _aResidential property
_96266
856 4 1 _uhttps://www.isurv.com/downloads/download/213/leasehold_reform_valuation_in_england_and_wales_archived
_zArchived on isurv (subscription required)
856 4 1 _uhttps://www.rics.org/profession-standards/rics-standards-and-guidance/sector-standards/valuation-standards/leasehold-reform-in-england-and-wales
_zBackground to changes and why 2015 guidance was withdrawn
942 _n0
_2ddc
999 _c115543
_d115543